Unit 5 AP Gov Vocab Pre Spring Break - Statistics

General Stats
  • This quiz has been taken 19 times
  • The average score is 9 of 15
Answer Stats
Hint Answer % Correct
charging a politician of wrongdoing the only way to remove a president from office impeachment
94%
the 19th amendment said all __ can vote women
94%
women, African Americans, young people and people living in cities vote what party democrat
89%
men, older people, people with higher income, southern states tend to vote for what party republican
83%
right to vote is called suffrage
83%
type of election half way through a president's term is called a __ election midterm
78%
the 24th amendment said no more __ tax poll
78%
voting someone out of office is called a recall
50%
the 17th amendment said the direct election of __ senator
44%
when you vote the same party on entire ballot party line
39%
when there are too many things on the voting ticket you leave it blank it is called ballot fatigue
33%
when people vote on a policy on the voting ticket referendum
28%
when you vote for a person on their past performance retrospective
28%
when you vote for a person on what they promise to do prospective
22%
when you vote for what is best for you is called rational choice
17%
No matching quizzes found
Score Distribution
Percent of People with Each Score
Percentile by Number Answered
Your Score History
You have not taken this quiz